000 00226nam a22000857a 4500
008 160810b xxu||||| |||| 00| 0 eng d
100 _9106
_aGupta R.G
245 _aComposite Mathematics-8
260 _aNew Delhi
_bAPC publication
_c2012
999 _c2759
_d2759